| 000 | 00847n m a2200193 u 4500 | ||
|---|---|---|---|
| 001 | 000634659 | ||
| 003 | AM-YeHGA | ||
| 005 | 20250618073313.0 | ||
| 008 | 090220s1986 ||||||||||||||||||||rus|c | ||
| 040 | _aAM-YeHGA | ||
| 041 | 0 | _arus | |
| 245 | 0 | 0 |
_aГосударственный музей изобразительных искусств им. А.С. Пушкина _h[изоматериал] _cАвт. вступ. ст. и авт.-сост. И.А. Антонова. |
| 246 | 1 | 5 | _aThe Pushkin Vuseum of fine Arts |
| 260 |
_aМосква : _bИзобразит. искусство, _c1986. |
||
| 300 |
_a24 c., [3] с., [99] л. цв. ил. : _bцв. ил. |
||
| 650 | 1 | 4 |
_aИскусство _95446 |
| 700 | 1 |
_aАнтонова, Ирина Александровна _eавт. вступ. ст. _4aui _eавт.-сост. _4com |
|
| 090 | _c224075 | ||
| 999 |
_c222540 _d222540 |
||